BPF/IPD annual lease review (Record no. 118882)

MARC details
000 -LEADER
fixed length control field 01069cas a22002535a 4500
001 - CONTROL NUMBER
control field L137137
008 - FIXED-LENGTH DATA ELEMENTS--GENERAL INFORMATION
fixed length control field 070316c2001 xxkar ws ss 00 a0eng u
035 ## - SYSTEM CONTROL NUMBER
System control number (Sirsi) u137137
041 0# - LANGUAGE CODE
Language code of text/sound track or separate title eng
110 2# - MAIN ENTRY--CORPORATE NAME
Corporate name or jurisdiction name as entry element British Property Federation
9 (RLIN) 1604
245 00 - TITLE STATEMENT
Title BPF/IPD annual lease review
Medium [electronic resource]
260 ## - PUBLICATION, DISTRIBUTION, ETC.
Place of publication, distribution, etc. London
Name of publisher, distributor, etc. BPF
-- IPD
Date of publication, distribution, etc. 2001-
362 0# - DATES OF PUBLICATION AND/OR SEQUENTIAL DESIGNATION
Dates of publication and/or sequential designation 2001-
490 #0 - SERIES STATEMENT
Series statement BPF/IPD Annual Lease Review
520 ## - SUMMARY, ETC.
Summary, etc. Provides a full analysis of commercial lease lengths, break clauses, rent free periods and income profiles, drawing upon detailed evidence from 75 000 tenancies.
554 ## -
-- Annual
651 #4 - SUBJECT ADDED ENTRY--GEOGRAPHIC NAME
Geographic name United Kingdom
Chronological subdivision
690 ## - LOCAL SUBJECT ADDED ENTRY--TOPICAL TERM (OCLC, RLIN)
Topical term or geographic name as entry element PROPERTY-COMMERCIAL PROPERTY-COMMERCIAL PROPERTY MARKET
690 ## - LOCAL SUBJECT ADDED ENTRY--TOPICAL TERM (OCLC, RLIN)
Topical term or geographic name as entry element PROPERTY-COMMERCIAL PROPERTY-COMMERCIAL LANDLORD AND TENANT-COMMERCIAL LEASES
710 2# - ADDED ENTRY--CORPORATE NAME
Corporate name or jurisdiction name as entry element Investment Property Databank
9 (RLIN) 2288
780 00 - PRECEDING ENTRY
Title BPF/IPD annual lease review (hard copy)
856 40 - ELECTRONIC LOCATION AND ACCESS
Uniform Resource Identifier <a href="https://www.bpf.org.uk/en/what_we_do/commercial/lease_code_and_clas.php">https://www.bpf.org.uk/en/what_we_do/commercial/lease_code_and_clas.php</a>
Public note View the item free of charge at www.bpf.org.uk...
942 ## - ADDED ENTRY ELEMENTS (KOHA)
Suppress in OPAC 0
Holdings
Withdrawn status Lost status Source of classification or shelving scheme Damaged status Not for loan Home library Current library Shelving location Date acquired Total Checkouts Full call number Barcode Date last seen Copy number Price effective from Koha item type
    Dewey Decimal Classification     Virtual Virtual Online 16/03/2007   ONLINE PUBLICATION 137137-1001 06/08/2019 1 06/08/2019 Book